000 00780cam a2200277 4500
001 J155
008 090401t1991 xxu||||| |||| 00| 0 eng d
035 _a(Sirsi) u73544
041 _aeng
050 _a690.0285
100 _aMcCaffer, R.
245 4 _aThe future of IT in construction: an academic viewpoint.
260 _aAscot, Berks.
_bChartered Institute of Building
_c1991
300 _a8p. ; 30cm.
350 _a0
490 _aTechnical Information Service
_v132
650 _aBUILDING INDUSTRY
650 _aCOMPUTERS
650 _aMANAGEMENT-BUSINESS MANAGEMENT-INFORMATION MANAGEMENT
690 _aBUILDING AND CONSTRUCTION-COMPUTERS
700 _aBaldwin, A.
700 _aCarrillo, P.
700 _aThorpe, A.
942 _n0
948 _c04/03/1997
999 _c95627
_d95627